|
|
|
|
| LEADER |
00000nam0a2200000 4500 |
| 001 |
364936 |
| 005 |
20231102011734.0 |
| 035 |
|
|
|a (RuTPU)RU\TPU\retro\22299
|
| 035 |
|
|
|a RU\TPU\book\58658
|
| 090 |
|
|
|a 364936
|
| 100 |
|
|
|a 20211206d1981 k y0rusy50 ca
|
| 101 |
1 |
|
|a eng
|c rus
|
| 102 |
|
|
|a RU
|
| 105 |
|
|
|a a z 001zy
|
| 200 |
1 |
|
|a Рекристаллизация металлов и сплавов
|d Recrystallization in metals and alloys
|f С. С. Горелик
|g пер. В. Афанасьева
|
| 210 |
|
|
|a Москва
|c Мир
|d 1981
|
| 215 |
|
|
|a 479 с.
|c ил.
|
| 300 |
|
|
|a На английском языке
|
| 320 |
|
|
|a Указ.: с. 476-479
|
| 454 |
|
1 |
|0 (RuTPU)RU\TPU\book\58658
|t Рекристаллизация металлов и сплавов
|f С. С. Горелик
|e 2-е изд., перераб. и доп.
|c Москва
|n Металлургия
|d 1978
|p 568 с.
|a Горелик, Семен Самуилович
|
| 510 |
1 |
|
|a Recrystallization in metals and alloys
|z eng
|
| 606 |
1 |
|
|a Металлы
|x Рекристаллизация
|2 stltpush
|3 (RuTPU)RU\TPU\subj\43138
|9 62696
|
| 610 |
1 |
|
|a металловедение
|
| 610 |
1 |
|
|a рекристаллизация
|
| 610 |
1 |
|
|a сплавы
|
| 610 |
1 |
|
|a структурные изменения
|
| 610 |
1 |
|
|a нагрев
|
| 610 |
1 |
|
|a деформация
|
| 675 |
|
|
|a 669:539.4.01
|v 3
|
| 700 |
|
1 |
|a Горелик
|b С. С.
|g Семен Самуилович
|
| 702 |
|
1 |
|a Афанасьев
|b В.
|4 730
|
| 801 |
|
1 |
|a RU
|b 63413507
|c 20030923
|g PSBO
|
| 801 |
|
2 |
|a RU
|b 63413507
|c 20211206
|g PSBO
|
| 942 |
|
|
|c BK
|